[Event "SportAccord World Mind Games (Men's Blindfold)"]
[Site "Beijing CHN"]
[Date "2012.12.18"]
[EventDate "2012.12.18"]
[Round "1.8"]
[Result "1/2-1/2"]
[White "Vassily Ivanchuk"]
[Black "Ding Liren"]
[WhiteElo "2766"]
[BlackElo "2702"]
[PlyCount "64"]

1. e4 c6 2. d4 d5 3. Nc3 dxe4 4. Nxe4 Nd7 5. Nf3 Ngf6 6. Nxf6+
Nxf6 7. c3 Bg4 8. h3 Bxf3 9. Qxf3 e6 10. Be2 Be7 11. O-O O-O
12. Rd1 Qd5 13. c4 Qxf3 14. Bxf3 Rfd8 15. Be3 Rd7 16. Rd2 a6
17. Rad1 Rad8 18. a3 g6 19. g4 Bd6 20. Kg2 Bb8 21. Kf1 Ba7
22. Ke2 Re8 23. Bf4 Red8 24. Be3 Re8 25. b4 Kg7 26. Rd3 Ng8
27. Kd2 Ne7 28. a4 Red8 29. Kc2 Bb8 30. Ra3 Ba7 31. Rad3 Bb8
32. Ra3 Ba7 1/2-1/2

[Event "SportAccord World Mind Games (Men's Blindfold)"]
[Site "Beijing CHN"]
[Date "2012.12.18"]
[EventDate "2012.12.18"]
[Round "2.4"]
[Result "1-0"]
[White "Ding Liren"]
[Black "Gata Kamsky"]
[WhiteElo "2702"]
[BlackElo "2762"]
[PlyCount "203"]

1. d4 d5 2. c4 c6 3. Nf3 Nf6 4. Nc3 a6 5. g3 Bf5 6. Bg2 e6
7. O-O h6 8. Nd2 Nbd7 9. e4 dxe4 10. Ndxe4 Nxe4 11. Nxe4 Bxe4
12. Bxe4 Nf6 13. Bc2 Qd7 14. Be3 Be7 15. Qf3 O-O 16. Rad1 Rfd8
17. Bf4 Qe8 18. g4 Nh7 19. Kg2 Rd7 20. d5 cxd5 21. cxd5 Rxd5
22. Rxd5 exd5 23. Qxd5 Nf8 24. Qxb7 Ne6 25. Bg3 Nc5 26. Qf3
Rd8 27. Rd1 Rxd1 28. Bxd1 Bf6 29. b4 Ne4 30. Bb3 Nd2 31. Qd5
Nxb3 32. axb3 Be7 33. Qb7 Bf8 34. Qxa6 Qe4+ 35. f3 Qxb4
36. Qd3 Qa5 37. Qc2 h5 38. h3 hxg4 39. hxg4 Qd5 40. Bf2 Qe5
41. Qd2 Qb5 42. Qc3 Qb7 43. Qc4 Bb4 44. Bd4 Bf8 45. Bc3 Qa8
46. Bb4 Qa2+ 47. Kg3 Bxb4 48. Qxb4 Qb2 49. Qb5 f6 50. b4 g5
51. Qc5 Qd2 52. b5 Qf4+ 53. Kg2 Qd2+ 54. Qf2 Qb4 55. b6 Kg7
56. Qe3 Kf7 57. Kh3 Qb5 58. Qd4 Qf1+ 59. Kg3 Qe1+ 60. Kg2 Qe2+
61. Qf2 Qb5 62. Qa2+ Kg6 63. Qg8+ Kh6 64. Qe6 Qb2+ 65. Kh3 Qa1
66. Kg2 Qb2+ 67. Kf1 Qb1+ 68. Ke2 Qc2+ 69. Ke3 Qc3+ 70. Ke4
Qb4+ 71. Kd3 Qb5+ 72. Kc3 Qc5+ 73. Kb2 Qb5+ 74. Kc2 Qc5+
75. Kd3 Qb5+ 76. Ke3 Qc5+ 77. Ke2 Qc2+ 78. Kf1 Qb1+ 79. Kg2
Qb2+ 80. Kg3 Qa1 81. Qe3 Qb1 82. f4 Qb5 83. fxg5+ fxg5 84. Qd4
Kg6 85. Qe4+ Kg7 86. Qd4+ Kf7 87. Kf2 Ke6 88. Ke3 Qb3+ 89. Kd2
Qa2+ 90. Kc3 Qa1+ 91. Kc4 Qf1+ 92. Kc5 Qf8+ 93. Kb5 Qe8+
94. Kb4 Qb8 95. Qc4+ Kd6 96. Qc5+ Ke6 97. Kb5 Qg3 98. b7 Qb3+
99. Kc6 Qf3+ 100. Kb6 Qb3+ 101. Kc7 Qg3+ 102. Kc8 1-0

[Event "SportAccord World Mind Games (Men's Blindfold)"]
[Site "Beijing CHN"]
[Date "2012.12.18"]
[EventDate "2012.12.18"]
[Round "3.4"]
[Result "1/2-1/2"]
[White "Ding Liren"]
[Black "Teimour Radjabov"]
[WhiteElo "2702"]
[BlackElo "2793"]
[PlyCount "84"]

1. d4 Nf6 2. c4 g6 3. Nc3 Bg7 4. e4 d6 5. Nf3 O-O 6. Be2 e5
7. O-O Nc6 8. d5 Ne7 9. b4 a5 10. Ba3 axb4 11. Bxb4 b6 12. a4
Ne8 13. Qb3 Rb8 14. Nb5 f5 15. Nd2 fxe4 16. Nxe4 Nf5 17. a5
bxa5 18. Bxa5 Nd4 19. Qd3 Bf5 20. f3 Kh8 21. Bc3 Nxb5 22. cxb5
Nf6 23. Bd2 Nd7 24. Be3 Nc5 25. Qc4 Bxe4 26. fxe4 Rxf1+
27. Bxf1 Qf8 28. Ra3 Bh6 29. Bf2 Qe7 30. g3 Rf8 31. Be2 Qf6
32. Rf3 Qe7 33. Rxf8+ Qxf8 34. Kg2 Bd2 35. Bxc5 dxc5 36. Qd3
Bg5 37. Qf3 Qxf3+ 38. Kxf3 Be7 39. Bd3 Bd6 40. Be2 Be7 41. Bd3
Bd6 42. Be2 Be7 1/2-1/2

[Event "SportAccord World Mind Games (Men's Blindfold)"]
[Site "Beijing CHN"]
[Date "2012.12.18"]
[EventDate "2012.12.18"]
[Round "4.3"]
[Result "0-1"]
[White "Sergey Karjakin"]
[Black "Ding Liren"]
[WhiteElo "2775"]
[BlackElo "2702"]
[PlyCount "66"]

1. e4 c6 2. d4 d5 3. e5 Bf5 4. Nf3 e6 5. Be2 Ne7 6. O-O h6
7. a4 Nd7 8. a5 Qc7 9. c3 Bxb1 10. Rxb1 Qxa5 11. b4 Qc7
12. Ne1 a6 13. f4 g6 14. g4 f5 15. h3 O-O-O 16. Nd3 g5
17. fxg5 hxg5 18. Bxg5 Ng6 19. gxf5 exf5 20. Rxf5 Be7 21. Bg4
Rdg8 22. Kh2 Kb8 23. Bxe7 Nxe7 24. Rf7 Nf8 25. Nc5 Ka7 26. Ra1
Nfg6 27. Qe2 Qb6 28. Bh5 Rxh5 29. Qxh5 Qb5 30. Qf3 Nh4 31. Qf1
Nef5 32. Qxb5 Rg2+ 33. Kh1 Ng3# 0-1

[Event "SportAccord World Mind Games (Men's Blindfold)"]
[Site "Beijing CHN"]
[Date "2012.12.19"]
[EventDate "2012.12.18"]
[Round "5.2"]
[Result "0-1"]
[White "Ding Liren"]
[Black "Shakhriyar Mamedyarov"]
[WhiteElo "2702"]
[BlackElo "2764"]
[PlyCount "86"]

1. d4 d5 2. c4 c6 3. Nf3 Nf6 4. Nc3 e6 5. Bg5 Nbd7 6. e3 Qa5
7. cxd5 Nxd5 8. Rc1 Bb4 9. a3 Bxc3+ 10. bxc3 h6 11. Bh4 b6
12. Qb3 O-O 13. Nd2 b5 14. Be2 c5 15. O-O cxd4 16. exd4 Ba6
17. Bf3 N7b6 18. Bg3 Rac8 19. Bd6 Rfd8 20. Bb4 Qa4 21. Qb1 Bb7
22. Rfd1 Qa6 23. Ne4 Na4 24. Be2 Nxb4 25. Qxb4 Bxe4 26. Bxb5
Qb7 27. Bxa4 Bxg2 28. Qxb7 Bxb7 29. c4 Bf3 30. Rd2 e5 31. Bd1
Ba8 32. Bg4 Rc6 33. Kf1 Rg6 34. Be2 exd4 35. c5 Bg2+ 36. Ke1
Be4 37. Rb2 d3 38. Bf1 Rf6 39. Rc3 Re8 40. Kd1 Bf3+ 41. Kc1
Re1+ 42. Kd2 Rxf1 43. Rb8+ Kh7 0-1

[Event "SportAccord World Mind Games (Men's Blindfold)"]
[Site "Beijing CHN"]
[Date "2012.12.19"]
[EventDate "2012.12.18"]
[Round "6.3"]
[Result "1/2-1/2"]
[White "Peter Leko"]
[Black "Ding Liren"]
[WhiteElo "2732"]
[BlackElo "2702"]
[PlyCount "48"]

1. e4 c6 2. d4 d5 3. Nc3 dxe4 4. Nxe4 Nd7 5. Nf3 Ngf6 6. Nxf6+
Nxf6 7. c3 Bg4 8. h3 Bxf3 9. Qxf3 e6 10. g3 Qd5 11. Bg2 Qxf3
12. Bxf3 Be7 13. Ke2 O-O 14. Rd1 Rfd8 15. c4 Rd7 16. Be3 a6
17. Rd3 Rad8 18. Rad1 h6 19. Bg2 g5 20. b3 Kg7 21. Bc1 Kg6
22. Be3 Kg7 23. Bc1 Kg6 24. Be3 Kg7 1/2-1/2

[Event "SportAccord World Mind Games (Men's Blindfold)"]
[Site "Beijing CHN"]
[Date "2012.12.19"]
[EventDate "2012.12.18"]
[Round "7.2"]
[Result "1/2-1/2"]
[White "Hikaru Nakamura"]
[Black "Ding Liren"]
[WhiteElo "2760"]
[BlackElo "2702"]
[PlyCount "67"]

1. Nf3 Nf6 2. c4 g6 3. Nc3 Bg7 4. e4 d6 5. d4 O-O 6. Be2 e5
7. dxe5 dxe5 8. Qxd8 Rxd8 9. Nd5 Nxd5 10. cxd5 c6 11. Bc4 b5
12. Bb3 Bb7 13. Bg5 Rd7 14. Rc1 a5 15. a3 a4 16. Ba2 cxd5
17. Bxd5 Na6 18. Bxb7 Rxb7 19. Ke2 b4 20. Rc4 Bf8 21. Nxe5
bxa3 22. bxa3 Rb2+ 23. Kf3 Rb3+ 24. Be3 Nc5 25. Ra1 Ne6
26. Nd7 Bg7 27. e5 Bh6 28. Nf6+ Kg7 29. Ng4 Bxe3 30. Nxe3 Rb5
31. Rd1 Rb3 32. Ra1 Rb5 33. Rd1 Rb3 34. Ra1 1/2-1/2

[Event "Reykjavik Open"]
[Site "Reykjavik ISL"]
[Date "2013.02.19"]
[EventDate "2013.02.19"]
[Round "1.5"]
[Result "1/2-1/2"]
[White "Ding Liren"]
[Black "Sebastian Mihajlov"]
[WhiteElo "2709"]
[BlackElo "2059"]
[PlyCount "128"]

1. d4 d5 2. c4 c6 3. Nf3 Nf6 4. Nc3 dxc4 5. a4 Bf5 6. Ne5 Nbd7
7. Nxc4 Qc7 8. g3 e5 9. dxe5 Nxe5 10. Bf4 Nfd7 11. Bg2 g5
12. Ne3 gxf4 13. Nxf5 O-O-O 14. Qc2 Nc5 15. O-O fxg3 16. hxg3
Ne6 17. Rfc1 Kb8 18. Qe4 Nc5 19. Qh4 Ng6 20. Qc4 Ne5 21. Qf4
a5 22. Rd1 Re8 23. Ne4 Nxe4 24. Qxe4 Bb4 25. Rac1 h5 26. Rd4
h4 27. Nxh4 Ng6 28. Qf3 Nxh4 29. gxh4 Qe5 30. e3 Bd6 31. Kf1
Rh6 32. Rxc6 Rf6 33. Qxf6 Qxf6 34. Rcxd6 Qe5 35. Rd7 Re7
36. Rxe7 Qxe7 37. Bd5 f6 38. b3 Qe5 39. Kg2 Qh5 40. Bc4 Qg6+
41. Kf3 Qh5+ 42. Kg3 Qg6+ 43. Rg4 Qh5 44. Rf4 Qg6+ 45. Kf3
Qh5+ 46. Ke4 Qh7+ 47. Kd4 Qd7+ 48. Ke4 Qh7+ 49. Kf3 Qh5+
50. Kg2 Qg6+ 51. Kf1 Qb1+ 52. Ke2 Qc2+ 53. Kf3 Qg6 54. e4 Qh5+
55. Kg3 Qg6+ 56. Rg4 Qh6 57. Rg8+ Kc7 58. Kg4 Qd2 59. Rg7+ Kd6
60. e5+ fxe5 61. Rf7 Qd1+ 62. Kg5 Qc1+ 63. Kg6 Qg1+ 64. Kh6
Qc1+ 1/2-1/2

[Event "Reykjavik Open"]
[Site "Reykjavik ISL"]
[Date "2013.02.20"]
[EventDate "2013.02.19"]
[Round "3"]
[Result "1-0"]
[White "Ding Liren"]
[Black "Gulnar Mammadova"]
[WhiteElo "2709"]
[BlackElo "2369"]
[PlyCount "119"]

1. d4 d5 2. c4 c6 3. Nf3 Nf6 4. Nc3 e6 5. Qb3 dxc4 6. Qxc4 b5
7. Qd3 Nbd7 8. e4 b4 9. Na4 Qa5 10. b3 Bb7 11. Be3 Be7 12. Nd2
e5 13. Nc4 Qc7 14. f3 Rd8 15. dxe5 Nxe5 16. Qc2 O-O 17. Nc5
Bc8 18. Rc1 Rfe8 19. Be2 Nxc4 20. Qxc4 Bd6 21. g3 Nd5 22. Bd4
Nc3 23. Bxc3 Bxg3+ 24. hxg3 Qxg3+ 25. Kf1 Bh3+ 26. Rxh3 Qxh3+
27. Kf2 Qh4+ 28. Ke3 bxc3 29. Qxc3 f5 30. Bc4+ Kh8 31. Rf1
Qh6+ 32. Ke2 Qh2+ 33. Rf2 Qd6 34. Bd3 Re7 35. b4 Qd5 36. Kd1
fxe4 37. fxe4 Qg5 38. Kc2 Qg3 39. Rf5 Qg2+ 40. Kb3 Rb8 41. Ka3
Qg4 42. e5 h5 43. e6 Kg8 44. Be4 a5 45. bxa5 Ra7 46. a6 Rb5
47. Bd3 Qg3 48. Rxh5 Kf8 49. e7+ Ke8 50. Bg6+ Qxg6 51. Rh8+
Kxe7 52. Qe5+ Kf7 53. Qe8+ Kf6 54. Rf8+ Kg5 55. Qe5+ Kh4
56. Qh2+ Kg5 57. Qf4+ Kh5 58. Rh8+ Qh6 59. Rxh6+ gxh6 60. Qf3+
1-0

[Event "Reykjavik Open"]
[Site "Reykjavik ISL"]
[Date "2013.02.20"]
[EventDate "2013.02.19"]
[Round "2.51"]
[Result "0-1"]
[White "Tinna Kristin Finnbogadottir"]
[Black "Ding Liren"]
[WhiteElo "1871"]
[BlackElo "2709"]
[PlyCount "54"]

1. e4 c6 2. d3 d5 3. Nd2 g6 4. Ngf3 Bg7 5. Be2 e5 6. c3 Ne7
7. d4 exd4 8. Nxd4 O-O 9. O-O c5 10. N4f3 d4 11. cxd4 cxd4
12. Nb3 Nbc6 13. Bg5 h6 14. Bh4 g5 15. Nxg5 Ng6 16. Nxf7 Qxh4
17. Bc4 Rxf7 18. f4 Qe7 19. Bxf7+ Qxf7 20. g3 b6 21. Qe2 Bb7
22. Nd2 d3 23. Qxd3 Rd8 24. Qe2 Nd4 25. Qg2 Nc2 26. Qe2 Rxd2
27. Qxd2 Bd4+ 0-1

[Event "Reykjavik Open"]
[Site "Reykjavik ISL"]
[Date "2013.02.21"]
[EventDate "2013.02.19"]
[Round "4"]
[Result "1/2-1/2"]
[White "Wei Yi"]
[Black "Ding Liren"]
[WhiteElo "2501"]
[BlackElo "2709"]
[PlyCount "120"]

1. e4 e6 2. d4 d5 3. Nd2 c5 4. Ngf3 cxd4 5. Nxd4 Nc6 6. Bb5
Bd7 7. Nxc6 bxc6 8. Bd3 Bd6 9. O-O Qc7 10. Nf3 Ne7 11. c4 O-O
12. Re1 dxc4 13. Bxc4 Ng6 14. Qd3 Ne5 15. Nxe5 Bxe5 16. f4 Bf6
17. Be3 Rfd8 18. e5 Be7 19. Qc2 g6 20. Rac1 a5 21. Bd3 a4
22. Be4 Rdb8 23. Red1 Be8 24. Rd4 Qb6 25. Bxc6 Qxc6 26. Qxc6
Bxc6 27. Rxc6 Rxb2 28. Rd7 Bf8 29. Rd2 Rab8 30. Rdc2 Rb1+
31. Kf2 a3 32. Bc1 Kg7 33. R6c3 R1b2 34. Ke3 Be7 35. g4 h6
36. Kf3 R8b5 37. Rc7 Bd8 38. Rc8 g5 39. R2c3 Ba5 40. R3c5 Rxc5
41. Rxc5 Bb4 42. Rb5 Rxa2 43. Rxb4 Ra1 44. Rc4 a2 45. Rc2 Rb1
46. Rxa2 Rxc1 47. Rf2 Kg6 48. Ke3 Re1+ 49. Kf3 Ra1 50. Ke4
Re1+ 51. Kf3 Rg1 52. h3 Ra1 53. fxg5 hxg5 54. Re2 Ra3+ 55. Kg2
Kg7 56. Re1 Kf8 57. Re2 Ke7 58. Re1 Ra7 59. Kg3 Kd7 60. Re3
Ke7 1/2-1/2

[Event "Reykjavik Open"]
[Site "Reykjavik ISL"]
[Date "2013.02.22"]
[EventDate "2013.02.19"]
[Round "5"]
[Result "1-0"]
[White "Ding Liren"]
[Black "Frode Olav Olsen Urkedal"]
[WhiteElo "2709"]
[BlackElo "2473"]
[PlyCount "63"]

1. d4 Nf6 2. c4 e6 3. Nf3 d5 4. Nc3 Bb4 5. cxd5 exd5 6. Bg5 h6
7. Bh4 c5 8. e3 O-O 9. Be2 g5 10. Bg3 Ne4 11. Rc1 c4 12. O-O
Bxc3 13. bxc3 Qa5 14. Ne5 Qxa2 15. Bf3 Nf6 16. h4 Qa6 17. hxg5
hxg5 18. e4 dxe4 19. Be2 b5 20. f4 Nh7 21. fxg5 Nxg5 22. Bf4
Qh6 23. Bg4 Na6 24. Bxc8 Raxc8 25. Ng4 Qg6 26. Bxg5 Qxg5
27. Rf5 Qg6 28. Qd2 f6 29. Qf4 Kg7 30. Rf1 Rc6 31. d5 Rb6
32. d6 1-0

[Event "Reykjavik Open"]
[Site "Reykjavik ISL"]
[Date "2013.02.23"]
[EventDate "2013.02.19"]
[Round "6"]
[Result "1/2-1/2"]
[White "Yury Shulman"]
[Black "Ding Liren"]
[WhiteElo "2563"]
[BlackElo "2709"]
[PlyCount "73"]

1. d4 Nf6 2. c4 g6 3. Nc3 Bg7 4. e4 d6 5. Nf3 O-O 6. Be2 e5
7. Be3 Qe8 8. dxe5 Ng4 9. Bg5 Nxe5 10. O-O Nxf3+ 11. Bxf3 Bxc3
12. bxc3 Qe5 13. Qd2 Nd7 14. Bf4 Qe7 15. Rfe1 Ne5 16. Be2 Re8
17. Bg3 b6 18. f4 Nd7 19. e5 Bb7 20. Bg4 Nc5 21. f5 Ne4
22. Rxe4 Bxe4 23. f6 Qf8 24. exd6 cxd6 25. Bxd6 Rad8 26. Rd1
h5 27. Bxf8 Rxd2 28. Rxd2 hxg4 29. Be7 Rc8 30. Rd4 Bf5 31. c5
bxc5 32. Rd8+ Rxd8 33. Bxd8 Kf8 34. Be7+ Ke8 35. Bxc5 a6
36. Kf2 Be6 37. a3 1/2-1/2

[Event "Reykjavik Open"]
[Site "Reykjavik ISL"]
[Date "2013.02.24"]
[EventDate "2013.02.19"]
[Round "7"]
[Result "1-0"]
[White "Ding Liren"]
[Black "Sebastien Maze"]
[WhiteElo "2709"]
[BlackElo "2556"]
[PlyCount "71"]

1. d4 Nf6 2. c4 g6 3. Nc3 d5 4. cxd5 Nxd5 5. e4 Nxc3 6. bxc3
Bg7 7. Nf3 c5 8. Rb1 O-O 9. Be2 Nc6 10. d5 Ne5 11. Nxe5 Bxe5
12. Qd2 e6 13. f4 Bc7 14. O-O exd5 15. exd5 c4 16. Ba3 Bd6
17. Bxd6 Qxd6 18. Qd4 b6 19. Bxc4 Bd7 20. Bb3 Rfe8 21. Rfe1 f6
22. Qb4 Qxb4 23. cxb4 Kf8 24. d6 Rad8 25. Kf2 a5 26. bxa5 bxa5
27. Rxe8+ Bxe8 28. Rd1 f5 29. Be6 Bc6 30. h3 h5 31. Kg3 Kg7
32. d7 Kf6 33. Rd6 Be4 34. Bb3+ Ke7 35. Rxg6 Kxd7 36. Kh4 1-0

[Event "Reykjavik Open"]
[Site "Reykjavik ISL"]
[Date "2013.02.25"]
[EventDate "2013.02.19"]
[Round "8"]
[Result "0-1"]
[White "Alexander Ipatov"]
[Black "Ding Liren"]
[WhiteElo "2569"]
[BlackElo "2709"]
[PlyCount "62"]

1. d4 Nf6 2. c4 g6 3. g3 Bg7 4. Bg2 O-O 5. Nc3 d6 6. e3 e5
7. Nge2 Re8 8. h3 h5 9. O-O e4 10. b4 Nbd7 11. Nf4 Nf8 12. a4
N8h7 13. a5 a6 14. b5 Bf5 15. bxa6 bxa6 16. Rb1 Ng5 17. Rb4
Qd7 18. Kh2 Rab8 19. Rxb8 Rxb8 20. Bd2 Rb2 21. Qc1 Rb8 22. Qd1
Rb2 23. Qc1 Rb3 24. Qc2 Nf3+ 25. Kh1 Rb8 26. h4 c6 27. Bxf3
exf3 28. e4 Bh3 29. Re1 Bh6 30. Kg1 Bxf4 31. Bxf4 Bg2 0-1

[Event "Reykjavik Open"]
[Site "Reykjavik ISL"]
[Date "2013.02.26"]
[EventDate "2013.02.19"]
[Round "9"]
[Result "0-1"]
[White "Ding Liren"]
[Black "Pavel Eljanov"]
[WhiteElo "2709"]
[BlackElo "2678"]
[PlyCount "46"]

1. d4 d5 2. c4 c6 3. Nf3 Nf6 4. Nc3 a6 5. e3 Bf5 6. Qb3 b5
7. c5 a5 8. Ne5 a4 9. Qd1 g6 10. Bd2 Bg7 11. g4 Be6 12. Bg2 h5
13. h3 Qc7 14. f4 hxg4 15. hxg4 Rxh1+ 16. Bxh1 Nbd7 17. g5
Nxe5 18. fxe5 Ng4 19. Qf3 Nxe5 20. dxe5 Qxe5 21. Qf4 Qxf4
22. exf4 b4 23. Ne2 a3 0-1

[Event "Reykjavik Open"]
[Site "Reykjavik ISL"]
[Date "2013.02.27"]
[EventDate "2013.02.19"]
[Round "10"]
[Result "0-1"]
[White "Throstur Thorhallsson"]
[Black "Ding Liren"]
[WhiteElo "2441"]
[BlackElo "2709"]
[PlyCount "112"]

1. e4 c6 2. d4 d5 3. Nc3 dxe4 4. Nxe4 Bf5 5. Ng3 Bg6 6. h4 h6
7. Nf3 e6 8. h5 Bh7 9. Bd3 Bxd3 10. Qxd3 Nf6 11. Bf4 Qa5+
12. Bd2 Bb4 13. c3 Be7 14. O-O Nbd7 15. c4 Qc7 16. Rfe1 O-O
17. Bc3 b5 18. cxb5 cxb5 19. Qxb5 Rab8 20. Qd3 Nd5 21. Rac1
Qb7 22. Ne5 Nxe5 23. dxe5 Rfd8 24. Qe4 Qa6 25. Bd4 Qa4 26. a3
a5 27. Rc2 Nf6 28. exf6 Rxd4 29. Qe5 Bd6 30. Qe2 Bxg3 31. fxg3
gxf6 32. Rc7 Qb5 33. Qf2 Qb6 34. Rc2 Rd3 35. Rc8+ Kg7 36. Rxb8
Qxb8 37. Kh2 Rd5 38. Re4 Rxh5+ 39. Kg1 Qb3 40. Rg4+ Rg5
41. Qe2 Kf8 42. Rxg5 hxg5 43. Kh2 a4 44. Qd2 e5 45. Qe2 Kg7
46. g4 Qd5 47. g3 e4 48. Kg1 Qd4+ 49. Kg2 e3 50. Kf3 f5
51. gxf5 g4+ 52. Kg2 Qe4+ 53. Kh2 Qf3 54. f6+ Kh6 55. Qd3 Qf2+
56. Kh1 Qe1+ 0-1

[Event "Alekhine Memorial"]
[Site "Paris/St Petersburg FRA/RUS"]
[Date "2013.04.21"]
[EventDate "2013.04.21"]
[Round "1"]
[Result "1-0"]
[White "Ding Liren"]
[Black "Levon Aronian"]
[WhiteElo "2707"]
[BlackElo "2809"]
[PlyCount "91"]

1. d4 d5 2. c4 c6 3. Nf3 Nf6 4. Nc3 a6 5. e3 e6 6. c5 Nbd7
7. b4 b6 8. Bb2 a5 9. a3 Be7 10. Bd3 O-O 11. O-O Ba6 12. Ne1
Bc4 13. Bxc4 dxc4 14. Qe2 Rb8 15. Ra2 b5 16. e4 Rb7 17. Nc2
Nb8 18. Raa1 Qc8 19. Rad1 Rd8 20. Bc1 Na6 21. Bf4 Rbd7 22. h3
Ne8 23. Qe3 Bf6 24. e5 Be7 25. Ne4 Nac7 26. Nd6 Qa8 27. Qg3
Nd5 28. Ne3 Nc3 29. Rde1 Bxd6 30. exd6 Ne4 31. Qh4 Nd2 32. Nd5
Nxf1 33. Nb6 Qa7 34. Rxf1 Nf6 35. Be5 Nd5 36. Nxd5 exd5
37. Bxg7 Kxg7 38. Qg5+ Kf8 39. Qf6 Kg8 40. Qg5+ Kf8 41. Qf6
Kg8 42. Re1 axb4 43. Re5 h6 44. Rh5 Qxa3 45. Qxh6 f6 46. Qxf6
1-0

[Event "Alekhine Memorial"]
[Site "Paris/St Petersburg FRA/RUS"]
[Date "2013.04.23"]
[EventDate "2013.04.21"]
[Round "3"]
[Result "1/2-1/2"]
[White "Ding Liren"]
[Black "Laurent Fressinet"]
[WhiteElo "2707"]
[BlackElo "2706"]
[PlyCount "58"]

1. d4 d5 2. c4 c6 3. Nf3 Nf6 4. Nc3 dxc4 5. a4 Bf5 6. Ne5 Nbd7
7. Nxc4 Qc7 8. g3 e5 9. dxe5 Nxe5 10. Bf4 Nfd7 11. Bg2 f6
12. O-O g5 13. Bxe5 Nxe5 14. Ne3 Be6 15. Qd4 Qb6 16. Qe4 Qb4
17. a5 a6 18. Ra4 Qxb2 19. Ned1 Qb3 20. f4 Nd7 21. f5 Nc5
22. Qd4 Nxa4 23. Nxa4 Rd8 24. Qxf6 Rxd1 25. fxe6 Qxa4 26. Qf7+
Kd8 27. Qf6+ Ke8 28. Qf7+ Kd8 29. Qf6+ Ke8 1/2-1/2

[Event "Alekhine Memorial"]
[Site "Paris/St Petersburg FRA/RUS"]
[Date "2013.04.24"]
[EventDate "2013.04.21"]
[Round "4"]
[Result "1/2-1/2"]
[White "Ding Liren"]
[Black "Vladimir Kramnik"]
[WhiteElo "2707"]
[BlackElo "2801"]
[PlyCount "68"]

1. d4 Nf6 2. c4 e6 3. Nf3 d5 4. Nc3 c5 5. cxd5 Nxd5 6. e4 Nxc3
7. bxc3 cxd4 8. cxd4 Bb4+ 9. Bd2 Bxd2+ 10. Qxd2 O-O 11. Bc4
Nd7 12. O-O b6 13. a4 Bb7 14. Bd3 Rc8 15. a5 Qc7 16. Rfb1 h6
17. h3 Rfd8 18. Ra3 Qd6 19. Rab3 Rc7 20. axb6 Nxb6 21. Ra1 f5
22. Qe2 fxe4 23. Bxe4 Bxe4 24. Qxe4 Qd5 25. Qxd5 Nxd5 26. Rba3
Nc3 27. Rxa7 Ne2+ 28. Kh2 Rxa7 29. Rxa7 Nxd4 30. Nxd4 Rxd4
31. Ra6 Kf7 32. Ra7+ Kg8 33. Ra6 Kf7 34. Ra7+ Kg8 1/2-1/2

[Event "Alekhine Memorial"]
[Site "Paris/St Petersburg FRA/RUS"]
[Date "2013.04.28"]
[EventDate "2013.04.21"]
[Round "6"]
[Result "1/2-1/2"]
[White "Ding Liren"]
[Black "Peter Svidler"]
[WhiteElo "2707"]
[BlackElo "2747"]
[PlyCount "57"]

1. Nf3 c5 2. c4 Nc6 3. Nc3 e5 4. e3 Nf6 5. d4 e4 6. Ne5 h5
7. Be2 Qc7 8. Rb1 a6 9. f4 cxd4 10. exd4 Bb4 11. a3 Bxc3+
12. bxc3 d6 13. Nxc6 bxc6 14. h3 Qa5 15. O-O O-O 16. Be3 Bd7
17. Rb3 c5 18. Qd2 Rab8 19. Rfb1 Rxb3 20. Rxb3 Rc8 21. d5 Qd8
22. Qb2 g6 23. Rb7 Ne8 24. Qb1 Kf8 25. Kh2 Rc7 26. Rb8 Rc8
27. Rb7 Rc7 28. Rb8 Rc8 29. Rb7 1/2-1/2

[Event "Alekhine Memorial"]
[Site "Paris/St Petersburg FRA/RUS"]
[Date "2013.04.30"]
[EventDate "2013.04.21"]
[Round "8"]
[Result "1/2-1/2"]
[White "Ding Liren"]
[Black "Michael Adams"]
[WhiteElo "2707"]
[BlackElo "2727"]
[PlyCount "89"]

1. d4 Nf6 2. c4 e6 3. Nc3 Bb4 4. f3 d5 5. a3 Bxc3+ 6. bxc3 c5
7. cxd5 Nxd5 8. dxc5 f5 9. Nh3 Qa5 10. Qd2 Nf6 11. c4 Qxc5
12. a4 Nc6 13. e3 Qa5 14. Be2 O-O 15. O-O Rd8 16. Qb2 e5
17. Nf2 h6 18. Ra2 Qc7 19. Bd2 Be6 20. a5 b6 21. Rfa1 Rab8
22. axb6 axb6 23. Bc3 Nd7 24. e4 Nc5 25. exf5 Bxf5 26. Re1 Re8
27. Bf1 Re7 28. Nd1 Bd3 29. Ne3 Re6 30. Qf2 Qf7 31. Nd5 Bxf1
32. Rxf1 Qg6 33. Rd1 Kh7 34. Qe3 Rd8 35. Rf1 Ne7 36. Nxb6 Nb3
37. Na4 Rd3 38. Qe1 Nf5 39. Qb1 Nfd4 40. Rb2 Rxf3 41. Qxg6+
Rxg6 42. Rxf3 Nxf3+ 43. Kf2 Nfd4 44. Bxd4 Nxd4 45. Nc5 1/2-1/2

[Event "Alekhine Memorial"]
[Site "Paris/St Petersburg FRA/RUS"]
[Date "2013.05.01"]
[EventDate "2013.04.21"]
[Round "9"]
[Result "1/2-1/2"]
[White "Nikita Vitiugov"]
[Black "Ding Liren"]
[WhiteElo "2712"]
[BlackElo "2707"]
[PlyCount "80"]

1. d4 Nf6 2. c4 g6 3. Nc3 Bg7 4. e4 d6 5. f3 O-O 6. Be3 c5
7. dxc5 dxc5 8. Qxd8 Rxd8 9. Bxc5 Nc6 10. Nge2 b6 11. Ba3 Bb7
12. Nd5 e6 13. Ne7+ Nxe7 14. Bxe7 Rdc8 15. Rc1 Nd7 16. b3 a6
17. Rd1 Ne5 18. Nc1 Nc6 19. Bg5 Nb4 20. Kf2 b5 21. Bd2 a5
22. cxb5 Rc2 23. Be2 f5 24. a3 Na2 25. Nxa2 Rxa2 26. exf5 gxf5
27. Bf4 a4 28. bxa4 Rxa4 29. Rd8+ Kf7 30. Rd7+ Kg6 31. Rxb7
Rxf4 32. Rd1 Rc4 33. Re7 Kf6 34. Rdd7 Rcc2 35. Rf7+ Ke5
36. Rxg7 Rxe2+ 37. Kf1 Reb2 38. Rd1 Kf6 39. Rg8 Rxb5 40. Re1
Rbb2 1/2-1/2

[Event "4th Danzhou Tournament"]
[Site "Danzhou CHN"]
[Date "2013.05.20"]
[EventDate "2013.05.20"]
[Round "1.3"]
[Result "0-1"]
[White "Lu Shanglei"]
[Black "Ding Liren"]
[WhiteElo "2551"]
[BlackElo "2707"]
[PlyCount "60"]

1. e4 c6 2. Nc3 d5 3. Nf3 Nf6 4. e5 Ne4 5. h3 e6 6. Qe2 Nxc3
7. dxc3 c5 8. Bg5 Qc7 9. g4 Nc6 10. c4 dxc4 11. Bg2 b5 12. a4
Bb7 13. axb5 Nd4 14. Qd1 h6 15. Bd2 Be4 16. O-O Qb7 17. Ra3
Bd5 18. Ne1 Bxg2 19. Nxg2 Rd8 20. f4 Nxb5 21. Rg3 Nd4 22. f5
Qe4 23. Rf2 Be7 24. Qf1 exf5 25. gxf5 Qxe5 26. Bf4 Qd5 27. Ne3
Qe4 28. Qxc4 Bh4 29. Rxg7 Bxf2+ 30. Kf1 Rd7 0-1

[Event "4th Danzhou Tournament"]
[Site "Danzhou CHN"]
[Date "2013.05.21"]
[EventDate "2013.05.20"]
[Round "2.3"]
[Result "1-0"]
[White "Ding Liren"]
[Black "Wei Yi"]
[WhiteElo "2707"]
[BlackElo "2530"]
[PlyCount "113"]

1. c4 Nf6 2. Nc3 e6 3. e4 d5 4. cxd5 exd5 5. e5 Ne4 6. d4 Bb4
7. Qa4+ Nc6 8. Bb5 Bd7 9. Ne2 O-O 10. O-O Bxc3 11. bxc3 a6
12. Bxc6 Bxc6 13. Qc2 f6 14. f3 Ng5 15. Bxg5 fxg5 16. f4 Qd7
17. f5 Ba4 18. Qb1 Bb5 19. e6 Qe7 20. Rf2 h5 21. g4 h4 22. Nc1
Bc4 23. Nd3 Bxd3 24. Qxd3 a5 25. Rb1 b6 26. Re2 Rfd8 27. Rf1
Kh8 28. Qf3 c6 29. Re5 Rd6 30. f6 gxf6 31. Qxf6+ Qxf6 32. Rxf6
Re8 33. Kg2 Kg7 34. Rff5 Rdxe6 35. Rxg5+ Kh6 36. Rh5+ Kg6
37. Kh3 Rxe5 38. dxe5 Rf8 39. Kxh4 Rf2 40. Rg5+ Kh6 41. h3 Rc2
42. Rg8 Rxc3 43. g5+ Kh7 44. Rd8 Re3 45. Rd6 Rxe5 46. Rxc6 d4
47. Rd6 Re2 48. a4 d3 49. Rxd3 Re4+ 50. Kh5 Rxa4 51. g6+ Kg7
52. Rd7+ Kg8 53. Rb7 Rb4 54. h4 a4 55. Kg5 a3 56. h5 Rb5+
57. Kf6 1-0

[Event "4th Danzhou Tournament"]
[Site "Danzhou CHN"]
[Date "2013.05.22"]
[EventDate "2013.05.20"]
[Round "3.5"]
[Result "1/2-1/2"]
[White "Zhou Jianchao"]
[Black "Ding Liren"]
[WhiteElo "2607"]
[BlackElo "2707"]
[PlyCount "92"]

1. c4 g6 2. Nc3 Bg7 3. g3 Nf6 4. Bg2 O-O 5. e4 c5 6. Nge2 Nc6
7. O-O d6 8. d3 Bg4 9. f3 Bd7 10. Be3 a6 11. a4 Rb8 12. d4
cxd4 13. Nxd4 Nxd4 14. Bxd4 Qa5 15. Rf2 Rfc8 16. Bf1 Be6
17. b3 Nd7 18. Bxg7 Kxg7 19. Qd4+ Kg8 20. f4 Qc5 21. Qxc5 Rxc5
22. Re1 Kf8 23. Ne2 f6 24. Nd4 Bf7 25. Bh3 Rc7 26. Bxd7 Rxd7
27. f5 gxf5 28. exf5 Rc8 29. Ne6+ Bxe6 30. Rxe6 Rc5 31. Re4 d5
32. Rd4 Rd6 33. cxd5 Rdxd5 34. Rxd5 Rxd5 35. Rf4 b5 36. axb5
Rxb5 37. b4 a5 38. bxa5 Rxa5 39. Kg2 Ra2+ 40. Rf2 Ra4 41. Kf3
h5 42. Re2 Kf7 43. Re4 Ra3+ 44. Re3 Ra4 45. h3 Rb4 46. g4
hxg4+ 1/2-1/2